Management Of Information Technology (Record no. 32208)

MARC details
000 -LEADER
fixed length control field 00472nam a2200181Ia 4500
020 ## - INTERNATIONAL STANDARD BOOK NUMBER
ISBN 0-87835-508-1
050 ## - CALL MARK
Classification number T 58.64 .F74/
100 ## - STATEMENT OF RESPONSIBILITY--MAIN AUTHOR NAME
Personal name Carroll W. Frenzel
245 #0 - TITLE STATEMENT
Title Management Of Information Technology
260 ## - PUBLICATION, DISTRIBUTION, ETC. (IMPRINT)
Place of publication Boston
260 ## - PUBLICATION, DISTRIBUTION, ETC. (IMPRINT)
Name of publisher Boyd & fraser Publishing company
260 ## - PUBLICATION, DISTRIBUTION, ETC. (IMPRINT)
Year of publication 1992
300 ## - PHYSICAL DESCRIPTION
Number of Pages 565 p
650 ## - SUBJECT ADDED ENTRY--TOPICAL TERM
Topical Term Management Of Information Technology
942 ## - ADDED ENTRY ELEMENTS (KOHA)
Koha item type Books
Holdings
Withdrawn status Lost status Source of classification or shelving scheme Damaged status Not for loan Permanent Location Current Location Date acquired Accession Number Price effective from Koha item type
    Library of Congress Classification     NILE UNIVERSITY OF NIGERIA - MAIN LIBRARY NILE UNIVERSITY OF NIGERIA - MAIN LIBRARY 04/23/2025 0008972 04/23/2025 Books